100 Animateurs TV - Statistiques

Statistiques générales
  • Ce quiz a été pris 377 fois
  • Le résultat moyen est 46 sur 100
Statistiques - réponses
Emissions TV Auteur % Correct
Le Bigdil, Le Juste Prix, L'Or à l'Appel Vincent Lagaf'
95%
N'oubliez pas les Paroles, Tout le Monde veut prendre sa Place, La Part du Lion Nagui
90%
Le Maillon Faible, Money Drop Laurence Boccolini
89%
Touche pas à mon Poste Cyril Hanouna
86%
Attention à la Marche, Les 12 Coups de Midi Jean-Luc Reichmann
86%
Les Enfants de la Télé, Vendredi Tout est Permis Arthur
85%
Star Academy, The Voice Nikos Aliagas
85%
Questions pour un Champion (1988-2016) Julien Lepers
82%
La Méthode Cauet Sébastien Cauet
82%
Secret Story, Nouvelle Star, Loft Story Benjamin Castaldi
81%
Qui veut Gagner des Millions, L'Académie des Neuf Jean-Pierre Foucault
81%
L'Amour est dans le Pré, Les Maternelles Karine Le Marchand
80%
Fort Boyard, La Cible, Joker Olivier Minne
80%
Koh-Lanta Denis Brogniart
79%
Le Plus Grand Cabaret du Monde Patrick Sébastien
79%
Tout le Monde en Parle, Salut les Terriens Thierry Ardisson
79%
Slam, Personne n'y avait pensé Cyril Féraud
78%
La Roue de la Fortune, Ciel mon Mardi Christophe Dechavanne
76%
On a Tout Essayé, On n'est pas couché Laurent Ruquier
76%
Maison à Vendre, Recherche Appartement ou Maison Stéphane Plaza
76%
Cauchemar en Cuisine, Objectif Top Chef Philippe Etchebest
75%
Secrets d'Histoire, Comment ça va bien Stéphane Bern
74%
Les Z'Amours Tex
74%
Récré A2, Club Dorothée Dorothée
73%
Vivement Dimanche, Champs-Elysées Michel Drucker
73%
Les Reines du Shopping, Nouveau Look pour une Nouvelle Vie Cristina Cordula
72%
Le 6h Info, Questions pour un Champion Samuel Etienne
70%
Motus Thierry Beccaro
70%
D&CO Valérie Damidot
69%
Le Petit Journal, Quotidien Yann Barthès
68%
Sept à Huit Harry Roselmack
66%
C'est au Programme, Affaire Conclue Sophie Davant
63%
Cash Investigation, Envoyé Spécial Elise Lucet
60%
Sans Aucun Doute, Les Sept Pêchés Capitaux Julien Courbet
59%
Total Wipeout, Pékin Express Stéphane Rotenberg
59%
Le Petit Rapporteur, L'Ecole des Fans Jacques Martin
56%
Morning Live Michaël Youn
56%
L'Heure des Pros Pascal Praud
56%
C'est mon Choix Evelyne Thomas
53%
Intervilles, Jeux sans Frontières, Le Schmilblic Guy Lux
53%
Combien ça coûte, Le Journal de 13h Jean-Pierre Pernaut
52%
E=M6 Mac Lesggy
51%
Apostrophes, Bouillon de Culture Bernard Pivot
48%
90' Enquêtes, Le Grand Concours Carole Rousseau
47%
Ushuaïa Nature Nicolas Hulot
47%
Canal Football Club, L'Equipe du Dimanche Hervé Mathoux
46%
Téléshopping, Qui est Qui Marie-Ange Nardi
46%
Danse avec les Stars, 50 Minutes Inside Sandrine Quétier
45%
C'est Pas Sorcier, Incroyables Expériences Jamy Gourmaud
44%
Des Chiffres et des Lettres Laurent Romejko
44%
Pyramide, Des Chiffres et des Lettres Patrice Laffont
44%
Temps X Igor & Grischka Bogdanoff
42%
Y a que la Vérité qui Compte, Y a Pas Photo Pascal Bataille & Laurent Fontaine
42%
Rendez-vous en Terre Inconnue Frédéric Lopez
41%
C à Vous Anne-Elisabeth Lemoine
40%
Frou-Frou, Sous les Jupons de l'Histoire Christine Bravo
40%
Ca se discute Jean-Luc Delarue
40%
Vidéo Gag (1990-2003) Bernard Montiel
39%
Harry Sébastien Folin
38%
Le Grand Journal (2004-2013) Michel Denisot
36%
Le Juste Prix (1992-2001) Philippe Risoli
36%
Faites Entrer l'Accusé (2000-2011) Christophe Hondelatte
35%
Tout est possible, Vous êtes en direct, Crimes Jean-Marc Morandini
34%
Enquête Exclusive, Zone Interdite Bernard de la Villardière
33%
Télématin, Récré A2 William Leymergie
33%
Turbo Dominique Chapatte
32%
Nulle Part Ailleurs Philippe Gildas
32%
Thalassa Georges Pernoud
31%
Le Juste Prix (1988-1992), Une Famille en Or (1990-1992) Patrick Roy
30%
J'irai dormir chez vous Antoine de Maximy
28%
Le Grand 8, Vis ma Vie Laurence Ferrari
26%
On ne peut pas plaire à tout le monde Marc-Olivier Fogiel
26%
Les Enquêtes Impossibles, Téléshopping (1988-1994) Pierre Bellemare
26%
Capital (1988-2003) Emmanuel Chain
25%
Fréquenstar, Graines de Star Laurent Boyer
24%
Le Magazine de la Santé Marina Carrère d'Encausse
23%
Thé ou Café Catherine Ceylac
22%
Je t'aime, etc Daphné Bürki
22%
Fan de (1997-2005) Séverine Ferrer
20%
In Ze Boîte Joan Faggianelli
19%
Vie Privée, Vie Publique Mireille Dumas
19%
Vol de Nuit, Face à la Une Patrick Poivre d'Arvor
19%
C dans l'Air, L'Info en Vrai Yves Calvi
19%
La Maison des Maternelles Agathe Lecaron
18%
La Carte aux Trésors, Faut pas rêver Sylvain Augier
17%
Le Vrai Journal Karl Zéro
16%
Des Racines & Des Ailes (1997-2005/2013-2014) Patrick de Carolis
16%
Ce Soir (ou Jamais) Frédéric Taddeï
15%
L'été des Records, 40° à l'Ombre Vincent Perrot
13%
Hit Machine Charly & Lulu
12%
Rétro Game One, Level One Marcus
12%
L'Île de la Tentation, Stade 2 Céline Géraud
11%
Chabada Daniela Lumbroso
11%
Ca Cartoon Philippe Dana
11%
Tout le Sport Henri Sannier
10%
C l'Hebdo, La Nouvelle Edition Ali Baddou
9%
M6 Boutique Pierre Dhostel
8%
Mots Croisés, A vous de juger Arlette Chabot
6%
Top of the Pops, Televisator 2, Carbone 14 Ness
6%
Sport 6 Stéphane Tortora
6%
Aucun quiz correspondant
Distribution des résultats
% des personnes avec chaque résultat
Percentile par nombre de réponses
Votre historique - résultats
Vous n’avez pas pris ce quiz